00584nam a2200193Ia 4500008004100000020001800041082000800059100002300067245005600090250000600146260002900152300001500181500002400196650001200220700004400232942000700276952009000283999001700373230524s9999 xx 000 0 und d a9788131731932 bHEY aIan Heywood942711 3aAn Introduction to Geographical Information Systems a3 aNew DelhibPearsonc2010 a"IX,420p;" aQuantity Number: 1 aComp-Sc a"Sarah Cornelius , Steve Carver"942712 cBK 00104070aTATCLbTATCLcGENd2023-05-24l0o HEYp54060r2023-05-24w2023-05-24yBK c57697d57697